Quizzes
Events
Quiz Creation
Community
Videos
Private Events
Remove Ads
Sign In
Join for FREE
Feedback
Dark Mode
Quiz Categories
Sports
Geography
Music
Movies
Television
Just For Fun
Miscellaneous
History
Literature
Language
Science
Gaming
Entertainment
Religion
Holiday
For Kids
Quiz Lab
Recent
Popular Today
Quiz Kudos Today
Editor Picks
Curator Picks
Quizzes by...
Day
Popularity
Type
Ratings
Length
Year
Community
Subscriptions
Recent Discussions
Orange Saloon
Badges
Playlists
Quests
Create
Leaderboards
Showdown
Live 5
Trivia Bingo
Activity
Puzzle Library
Sporcle Events
Private Events
Virtual Trivia
Globe League
Become a Host
Pub Owners
SporcleCon
Opinionation
Our Games
Videos
Blog
Mobile Apps
Partnerships
Remove Ads and Go Orange
Feedback
Music
Pop Music
The Beatles
Song
Album
Lyrics
Bands
Singers
Artist
Clip
Rock
Rap
Classical
Billboard
Country Music
Kpop
Taylor Swift
Music
Pop Music
The Beatles
Song
Album
Lyrics
Bands
Singers
Artist
Clip
Rock
Rap
Classical
Billboard
Country Music
Kpop
Taylor Swift
Random Quiz
Search Sporcle
×
Quiz Lab
Quiz Lab
Music
Disney
Type in answers that appear in a list
Type in answers that appear in a list
Classic
Best Score? Go Orange.
Name the Dutch disney song lyrics 3 Stats
Can you name the Dutch disney song lyrics without any hints 3?
By
dolpara
10m
200 Questions
201 Plays
201 Plays
201 Plays
Comments
Comments
Give Quiz Kudos
Give Quiz Kudos
-
- Ratings
hide this ad
Replay
Link that replays current quiz
Next Quiz
Link to next quiz in quiz playlist
You Got
0%
They Got
Avg Score
52%
Avg Friend Score
Upgrade to see
Score Distribution
Jump to the score distribution portion of the page
Score
0/200
Timer
10:00
0
Plays Today
% Correct
ik
83.2%
Ik
83.2%
'k
83.2%
Ik
83.2%
Ik
83.2%
Ik
83.2%
ik
83.2%
ik
83.2%
ik
83.2%
het
79.2%
Het
79.2%
't
79.2%
't
79.2%
het
79.2%
het
79.2%
de
78.7%
de
78.7%
de
78.7%
de
78.7%
een
77.2%
een
77.2%
Een
77.2%
een
77.2%
een
77.2%
een
77.2%
n
77.2%
is
76.1%
is
76.1%
Zij
73.1%
in
69.5%
in
69.5%
in
69.5%
al
68.5%
Al
68.5%
en
67.5%
je
66.5%
je
66.5%
je
66.5%
je
66.5%
zijn
66.5%
je
66.5%
je
66.5%
zijn
66.5%
je
66.5%
zijn
66.5%
je
66.5%
zijn
66.5%
je
66.5%
dat
63.5%
dat
63.5%
dat
63.5%
dat
63.5%
Dat
63.5%
mij
61.9%
ze
61.9%
mij
61.9%
Wil
61.4%
wil
61.4%
wil
61.4%
wil
61.4%
wil
61.4%
wil
61.4%
wat
60.4%
op
59.9%
op
59.9%
op
59.9%
op
59.9%
% Correct
heb
58.4%
Als
56.3%
Die
56.3%
die
56.3%
die
56.3%
die
56.3%
die?
56.3%
als
56.3%
Als
56.3%
als
56.3%
mijn
55.8%
mijn
55.8%
waar
55.3%
er
54.8%
zo
53.8%
hoe
53.3%
Hoe
53.3%
Hoe
53.3%
niet
52.8%
niet
52.8%
te
52.8%
Daar
51.8%
daar
51.8%
Daar
51.8%
mens
50.3%
heeft
49.7%
dan
49.7%
heeft
49.7%
heeft
49.7%
Heeft
49.7%
mensen
49.7%
mensen
49.7%
heeft
49.7%
eens
49.2%
zee
49.2%
eens
49.2%
eens
49.2%
voor
49.2%
zee
49.2%
eens
49.2%
dit
48.7%
lopen
48.7%
bij
48.7%
zien
47.2%
zien
47.2%
zien
47.2%
Vind
46.7%
vind
46.7%
voeten
46.7%
wens
46.2%
meer
45.7%
kon
45.2%
alles
44.7%
alles
44.7%
dansen
44.7%
met
44.7%
dansen
44.7%
keer
44.2%
hier
43.7%
meisje
43.7%
hier
43.7%
hier
43.7%
meisje
43.7%
geen
43.7%
geen
43.7%
zon
43.7%
wel
43.1%
% Correct
iedere
43.1%
uit
43.1%
zin
43.1%
noem
43.1%
Ow
43.1%
zin
43.1%
ook
43.1%
Net
42.6%
Moet
42.1%
Maakt
42.1%
hen
42.1%
Benen
41.6%
strand
41.6%
Straat
41.1%
tja
40.6%
land
40.6%
rond
40.1%
Denk
40.1%
zal
40.1%
Of
39.6%
heen
39.6%
toch
39.1%
toch
39.1%
prachtig
38.6%
bewonder
38.1%
Boven
37.6%
spulletjes
37.1%
tachtig
37.1%
leven
37.1%
zeemeermin
37.1%
Ooit
37.1%
kind
36.5%
heel
36.5%
ligt
36%
staart
36%
enkele
36%
heet
35.5%
idee
35%
idee
35%
graag
34.5%
gezicht
34%
lui
34%
Slaan
33.5%
springen,
33.5%
warm
33.5%
krijg
33%
nodig
33%
Niemand
33%
geweldig
32.5%
rondkijkt
32%
Heerlijk
32%
geven
32%
mamaatjes
32%
tolerant......
32%
Zoveel
31.5%
gevonden
31.5%
alweer?
31.5%
Hoop
31.5%
genieten
30.5%
Das
30.5%
standje
30.5%
Zoiets
29.9%
paatjes
29.9%
vergaard
25.4%
dittemedat?
24.9%
wandelt
23.9%
Quiz Playlist
Details
Report
Send in Message
Add To Playlist
Classic:
Type in answers that appear in a list
Last Updated: Feb 16, 2017
Quiz Scoreboard
CHALLENGE
Sign Up to Join the Scoreboard
Show All
Scores
Hide
Comments
May contain spoilers
Recently Published
College Basketball Coaching Resumes
by pancakes188
Sports
9m
Billboard Blitz: Fleetwood Mac
by CooCooCachoo
Music
15s
Presidents Visiting Landmarks
by Hejman
History
7m
More to Explore
Quiz From the Vault
Featured Blog Post
Where Did the Easter Bunny Come From?
hide this ad
You Might Also Like...
Tags
Disney Quiz
Lyrics Quiz
Song Quiz
dutch
Today's Top Quizzes in Music
Browse Music
hide this ad
Today's Top Quizzes in Disney
Browse Disney
Top Contributed Quizzes in Music
1
Taylor Swift All Songs (2024)
2
7-to-1: Billboard Hot 100 #1 Hits of 2010s
3
Guess the Artist- 70s Songs
4
Sorting Albums and Songs
5
Taylor Swift Logic Puzzle
6
KPOP LOGIC QUIZ
7
Guess the Taylor Swift song (Mystery Song)
8
2010s Album by Cover III
9
One Thing in Common: Music
10
Guess The Taylor Swift Lyrics Song #1
Explore More
Trending Topics
Harry Potter
Marvel
NBA
Anime
Kpop
Crossword
Disney
Pokémon
Puzzle
NFL
WWE
Soccer
Song
Country
The Office
hide this ad
More By:
dolpara
Quiz
Plays
Rating
Category
Featured
Created
Alike Dutch and English Words
980
3.60
Language
Feb 13, 2010
Name the Final Fantasy characters
888
4.14
Gaming
Feb 13, 2010
Items in Dutch
513
3.17
Language
Feb 12, 2010
Name the Game From the Places
439
2.87
Gaming
Feb 13, 2010
Disney songs with I or YOU in the title
350
4.00
Music
Nov 9, 2010
Go to Creator's Profile
Score Distribution
Quiz Creator Spotlight
dolpara
Follow
Send a Message
Quizzes Created
-
Created Quiz Play Count
-
More By This Creator
Popular Quizzes Today
1
Find the US States - No Outlines Minefield
2
Find the Countries of Europe - No Outlines Minefield
3
The Countries of the World
4
Find the US States
5
Risky Map Clicking: Biggest States A-Z
6
US States
7
Popular People in 1961
8
Movies - When Are They Set?
More Music Quizzes
Pick the Correct Studio Album
Published
Trending Quizzes
Risky Map Clicking: Least Populous States A-Z
1-10 Letter G Words
1-10 Letter F Words
Risky Map Clicking: Next State Alphabetically
Risky Map Clicking: Biggest States A-Z
Recently Updated
Leaping Animals
pecheneg
Reality TV Shows (A-Z)
bhenderson79
Rickey Henderson's Hall of Fame Teammates
pecheneg
Champions League XIs: Arsenal
pecheneg
Quick Pick: Celebrities in WWE's Hall of Fame
aduchscher
A-Z Keypad Blitz II
pecheneg
Multiple Oscar Actors
pecheneg
Mystery Phrase Blitz: Oscar 'Best Actors'
pecheneg
F. Scott Fitzgerald Novels
LTH
Pick 3 Villains
ddd62291
Trending Topics
NBA
Kpop
Harry Potter
Crossword
Disney
Marvel
Anime
Song
NFL
WWE
Puzzle
Soccer
Pokémon
The Office
Country
Your Account Isn't Verified!
In order to create a playlist on Sporcle, you need to verify the email address you used during registration. Go to your
Sporcle Settings
to finish the process.
Report this User
Report this user for behavior that violates our
Community Guidelines
.
Details:
Send Report
Go to the Sporcle.com Mobile Site →
Comments